| 000 | 00647nam a2200193 i 4500 | ||
|---|---|---|---|
| 001 | 112165 | ||
| 003 | ES-MaACL | ||
| 005 | 20251122063120.0 | ||
| 007 | t| | ||
| 008 | 061121s1976 sp r ||||1| spa d | ||
| 100 | 1 |
_aOrtega, José, _d1933- _987411 |
|
| 245 | 1 | 0 |
_aLetras hispanoamericanas de nuestro tiempo / _cpor José Ortega ; prólogo de Antonio Ferres. |
| 260 |
_aMadrid : _bJosé Porrúa, _c1976. |
||
| 300 |
_aV, 164 p. ; _c22 cm. |
||
| 650 | 0 | 4 |
_aLiteratura hispanoamericana- _yS.XX- _xHistoria y crítica. _914614 |
| 700 | 1 |
_aFerres, Antonio, _d1924- _950559 |
|
| 852 |
_aES-MaACL _jA-5944 _bR.94829 |
||
| 999 |
_c112165 _d112165 |
||